[Event "Nordic Chess-ch 2019"]
[Site "Sarpsborg"]
[Date "2019.06.21"]
[Round "1.29"]
[White "Rishovd, Svein"]
[Black "Haggar, Haytham"]
[Result "1-0"]
[WhiteElo "2113"]
[BlackElo "1309"]
[Annotator "TA"]
[PlyCount "77"]
[EventDate "2019.06.21"]
[EventType "swiss"]
[EventCountry "NOR"]
[SourceTitle "playchess.com"]
[Source "ChessBase"]
[SourceQuality "1"]

{[%evp 9,77,-6,5,0,90,100,120,93,96,86,90,45,128,129,201,100,98,99,145,144,144,144,144,141,134,137,144,147,150,141,140,131,153,162,163,166,169,160,152,147,163,159,151,137,185,196,267,266,385,385,363,371,1135,1110,1081,933,1066,1099,1499,1223,5106,4318,29954,12377,29954,6419,6323,6099,29986,29986]} 1. g3 d5 2. Bg2 e5 3. d3 Be6 4. Nf3 Bd6 (4... f6 5. O-O Qd7 6. Nbd2 Nh6 7. c4 c6 8. e4 Nf7 9. d4 dxe4 10. Nxe4 Bxc4 11. Re1 Be7 {0-1 (62) Hennigan,M (2444)-Rowson,J (2547) West Bromwich 2004}) 5. O-O h6 $146 ({Predecessor:} 5... c6 6. Nbd2 h6 7. e4 Ne7 8. exd5 Bxd5 9. Re1 Nd7 10. Ne4 Bc7 11. Nc3 Be6 {0-1 (41) Krumbeck,H (1331)-Gutjahr,V (1346) Germany 2015}) 6. Nbd2 {A00: Irregular Openings} f5 (6... c5 $11 {remains equal.}) 7. e4 $16 {Black must now prevent exd5.} fxe4 8. dxe4 {Nxe5! is the strong threat.White is better.} Nf6 9. exd5 Bxd5 10. Re1 Nbd7 {[#]} (10... O-O $14) 11. Nxe5 $1 {[%mdl 512]} Bxe5 {[#]} (11... O-O $16) 12. Bxd5 (12. f4 $1 $18 {is the precise move to win.}) 12... Nxd5 13. Nc4 N5f6 {Threatening ...0-0.} 14. Nxe5 {aiming for Nc6+.} O-O {Threatens to win with ...Nxe5.} 15. Nxd7 Qxd7 16. Qxd7 Nxd7 17. Bf4 c6 18. Rad1 Rf7 19. Bd6 Nf6 20. Kg2 Rd8 {Strongly threatening ...Rfd7.} 21. Bc5 Rxd1 22. Rxd1 $18 {[%mdl 4096] Endgame KRB-KRN} a6 23. f3 Nd7 24. Bd4 Re7 25. Kf2 Kf7 26. c4 c5 27. Bc3 g6 (27... b5 {is a better defense.} 28. Rd6 b4) 28. Rd6 Ne5 (28... Nf8 $142 29. f4 Re6) 29. Bxe5 Rxe5 {KR-KR} 30. Rd7+ Re7 $2 (30... Ke8) 31. Rxe7+ Kxe7 {KP-KP} 32. Ke3 Kd6 33. Ke4 b5 34. b3 {[%cal Bb2b3,Bb3c4][%mdl 32]} bxc4 35. bxc4 Kc6 36. Ke5 Kc7 37. Kd5 Kb6 38. Kd6 g5 39. f4 {Accuracy: White = 82%, Black = 20%.} 1-0

[Event "Nordic Chess-ch 2019"]
[Site "Sarpsborg"]
[Date "2019.06.21"]
[Round "1.30"]
[White "Nizar, Siako"]
[Black "Wahlund, Max"]
[Result "0-1"]
[WhiteElo "1209"]
[BlackElo "2103"]
[Annotator "RC"]
[PlyCount "52"]
[EventDate "2019.06.21"]
[EventType "swiss"]
[EventCountry "NOR"]
[SourceTitle "playchess.com"]
[Source "ChessBase"]
[SourceQuality "1"]
[TimeControl "40/5400+30:1800+30"]

1. c4 {[%emt 0:00:00]} e5 {[%emt 0:00:00]} 2. Nc3 {[%emt 0:00:00]} Bb4 {[%emt 0:00:00]} 3. g3 {[%emt 0:00:14]} Bxc3 {[%emt 0:00:41]} 4. dxc3 {[%emt 0:00:08]} Nc6 {[%emt 0:02:04]} 5. Bg2 {[%emt 0:01:41]} d6 {[%emt 0:00:18]} 6. f4 {[%emt 0:02:10]} Nf6 {[%emt 0:01:13]} 7. fxe5 {[%emt 0:02:24]} dxe5 {[%emt 0:05:27]} 8. Qxd8+ {[%emt 0:00:31]} Nxd8 {[%emt 0:01:06]} 9. e4 {[%emt 0:07:14]} O-O {[%emt 0:04:14]} 10. Bg5 {[%emt 0:02:34]} Ng4 {[%emt 0:04:20]} 11. Nh3 {[%emt 0:04:23]} Ne6 {[%emt 0:01:20]} 12. Bd2 {[%emt 0:00:37]} Rd8 {[%emt 0:05:05]} 13. b4 {[%emt 0:01:20]} b6 {[%emt 0:01:07]} 14. Rd1 {[%emt 0:01:46]} Ba6 {[%emt 0:00:51]} 15. b5 {[%emt 0:02:54]} Bb7 {[%emt 0:00:05]} 16. O-O {[%emt 0:02:36]} Nc5 {[%emt 0:06:15]} 17. Nf2 {[%emt 0:16:31]} Nxf2 {[%emt 0:00:49]} 18. Rxf2 {[%emt 0:00:04]} Bxe4 {[%emt 0:01:39]} 19. Rdf1 {[%emt 0:00:41]} Bxg2 {[%emt 0:00:43]} 20. Kxg2 {[%emt 0:00:06]} Ne4 {[%emt 0:00:26]} 21. Be3 {[%emt 0:04:41]} Nxf2 {[%emt 0:00:08]} 22. Bxf2 {[%emt 0:00:02]} Rd2 {[%emt 0:00:27]} 23. Re1 {[%emt 0:01:02]} f6 {[%emt 0:00:06]} 24. Kg1 {[%emt 0:00:31]} Rad8 {[%emt 0:00:14]} 25. c5 {[%emt 0:00:35]} Rd1 {[%emt 0:01:13]} 26. cxb6 {[%emt 0:00:11]} axb6 {[%emt 0:00:19]} 0-1

[Event "Nordic Chess-ch 2019"]
[Site "Sarpsborg"]
[Date "2019.06.21"]
[Round "1.31"]
[White "Lunde, Sigmund"]
[Black "Holst, Conny"]
[Result "0-1"]
[WhiteElo "1834"]
[BlackElo "2197"]
[Annotator "TA"]
[PlyCount "66"]
[EventDate "2019.06.21"]
[EventType "swiss"]
[EventCountry "NOR"]
[SourceTitle "playchess.com"]
[Source "ChessBase"]
[SourceQuality "1"]

{[%evp 12,66,4,0,33,0,19,2,8,11,28,0,9,-6,3,-19,-19,0,30,30,30,15,34,9,12,-37,32,15,34,20,37,-8,-7,-65,-53,-51,-62,-56,-9,-9,0,0,46,-18,-6,-7,-7,-120,-126,-106,-93,-225,-224,-214,-219,-538,-538]} 1. d4 Nf6 2. Nf3 e6 3. e3 b6 4. Bd3 Bb7 5. Nbd2 c5 6. c3 Be7 7. O-O cxd4 {A47: 1 d4 Nf6 2 Nf3 b6: Torre, London and Colle Systems} (7... d5 8. Ne5 O-O 9. f4 Ne4 10. Nxe4 dxe4 11. Bc4 Bd5 12. Qe2 f6 13. Ng4 Bxc4 14. Qxc4 Qd5 15. Qxd5 exd5 16. f5 {½-½ (63) Stripunsky,A (2566)-Ivanov,A (2530) ICC INT 2012}) 8. cxd4 O-O 9. b3 Nc6 {The position is equal.} 10. a3 Nd5 11. Nc4 $146 ({Predecessor:} 11. Bb2 f5 12. Nc4 Rc8 13. Rc1 b5 14. Nce5 Nxe5 15. dxe5 a6 {0-1 (46) Rosenfeld,I (2017)-Laruelle,J (2116) Cannes 2000}) 11... f5 12. Nfe5 Rc8 13. Bd2 Nf6 14. f3 d6 15. Nxc6 Bxc6 16. Qe2 Be8 17. b4 Bh5 18. Qe1 Nd7 (18... e5 $15) 19. Qb1 Kh8 20. Qb3 d5 21. Nb2 Bd6 22. f4 ({White should play} 22. g3 $11) 22... g5 23. Ba6 Rc7 24. Rac1 Rxc1 25. Rxc1 gxf4 26. exf4 Qh4 27. Rc8 (27. Qe3 $14) 27... Nf6 $11 {[#] And now ...Rxc8 would win.} 28. Rxf8+ (28. Qc2 {is more complex.} Ne4 29. Nd3 Be2 30. Rxf8+ Bxf8 31. Qc8) 28... Bxf8 29. Qg3 (29. Nd3 $11) 29... Qxg3 $17 30. hxg3 Ne4 31. Be1 (31. Be3 $17 {was called for.}) 31... Bg7 $19 32. Kf1 Bxd4 33. Bc8 $2 {[#]} (33. Nd3 {is tougher.}) 33... Bxb2 {Accuracy: White = 13%, Black = 35%.} 0-1

[Event "Nordic Chess-ch 2019"]
[Site "Sarpsborg"]
[Date "2019.06.21"]
[Round "1.33"]
[White "Stabbetorp, Hans"]
[Black "Eriksson, Kristian"]
[Result "0-1"]
[WhiteElo "1767"]
[BlackElo "2111"]
[Annotator "TA"]
[PlyCount "60"]
[EventDate "2019.06.21"]
[EventType "swiss"]
[EventCountry "NOR"]
[SourceTitle "playchess.com"]
[Source "ChessBase"]
[SourceQuality "1"]

{[%evp 9,60,6,0,-18,0,-20,6,8,16,0,2,0,13,2,16,-9,5,-12,20,-26,0,-69,-56,-79,-50,-85,-41,-46,-39,-46,-37,-60,-36,-87,-77,-85,-62,-92,-107,-172,-156,-157,-147,-151,-143,-212,-171,-350,-451,-623,115,-623,-608]} 1. d4 e6 2. Nf3 Nf6 3. Bf4 b6 4. e3 Bb7 5. Nbd2 Be7 6. Be2 {A47: 1 d4 Nf6 2 Nf3 b6: Torre, London and Colle Systems} (6. h3 O-O 7. Bd3 c5 8. c3 cxd4 9. cxd4 Nd5 10. Bh2 Nb4 11. Be2 d5 12. O-O a6 13. a3 N4c6 14. Rc1 Bd6 15. Ne5 Bxe5 16. Bxe5 Nxe5 17. dxe5 {½-½ (28) Shimanov,A (2641)-Mareco,S (2632) chess.com INT 2018}) 6... O-O 7. O-O d6 8. h3 {The position is equal.} Nbd7 9. c4 Re8 10. Bg3 $146 ({Predecessor:} 10. Qc2 Nf8 11. Rfe1 Ng6 12. Bg3 Bf8 13. Nh4 Nh5 14. Nxg6 Nxg3 15. Nxf8 Nxe2+ 16. Rxe2 Rxf8 {½-½ (53) Feldvabl,V (1628)-Popper,T (2034) Brno 2015}) 10... Bf8 11. Qc2 e5 12. dxe5 dxe5 13. Rfd1 Qe7 14. Ne1 g6 15. e4 (15. Bf3 $11 e4 16. Be2) 15... Bg7 16. a3 a5 {[%cal Ba7a5,Ba5a4][%mdl 32]} 17. f3 a4 18. Nd3 Bh6 19. Bf2 c5 20. Nf1 Nf8 {[%cal Bd7f8,Bf8e6,Be6d4][%mdl 32]} 21. Be3 ({Better is} 21. Re1 $15) 21... Bxe3+ 22. Nxe3 {[#]} Ne6 $1 23. Qc3 Nd4 24. Bf1 {[#]} (24. Re1 $17 {keeps fighting.}) 24... Nh5 $1 $19 25. Nd5 Bxd5 26. cxd5 Qg5 $36 {[%mdl 2048] Strongly threatening ...Nxf3+. Black is on the roll.} 27. Ne1 (27. Nf2 $17 {was called for.}) 27... Nf4 28. Kf2 $2 (28. Kh2) 28... f5 29. Qe3 {[#]} Nxh3+ $1 {[%mdl 576] Clearance} 30. gxh3 f4 {Accuracy: White = 22%, Black = 55%.} 0-1

[Event "Nordic Chess-ch 2019"]
[Site "Sarpsborg"]
[Date "2019.06.21"]
[Round "1.34"]
[White "Dogani, Avduraim"]
[Black "Sather, Lars"]
[Result "1-0"]
[WhiteElo "2107"]
[BlackElo "1730"]
[Annotator "TA"]
[PlyCount "57"]
[EventDate "2019.06.21"]
[EventType "swiss"]
[EventCountry "NOR"]
[SourceTitle "playchess.com"]
[Source "ChessBase"]
[SourceQuality "1"]

{[%evp 9,57,21,50,55,47,55,43,33,40,0,4,-26,45,-43,2,-9,105,86,90,77,492,450,518,477,458,429,587,241,284,124,787,804,955,946,885,487,1912,1902,29992,29993,29995,29987,29996,29993,29993,29994,29997,29998,29998,29999]} 1. e4 e6 2. d4 c5 3. Nf3 cxd4 4. Nxd4 a6 5. Be2 Bc5 (5... b6 6. O-O Bb7 7. Nc3 Bc5 8. Qd3 Qc7 9. a4 Nf6 10. Bg5 Nc6 11. Nxc6 Bxc6 12. Rad1 h5 13. Bh4 {0-1 (68) Azarov,S (2575)-Caruana,F (2828) chess.com INT 2019}) 6. O-O {B41: Sicilian: Kan Variation: 5 c4} Ne7 7. Nb3 $146 ({Predecessor:} 7. Kh1 O-O 8. c3 Nbc6 9. f4 d5 10. Nb3 Ba7 11. e5 f6 12. exf6 Rxf6 13. Bd2 {0-1 (24) Piotrowski,A (1929)-Staroszczyk,M (2050) Warsaw 2007}) 7... Ba7 8. Bf4 {White is slightly better.} d5 9. N1d2 Nbc6 10. Bf3 e5 (10... O-O $11) 11. Bg5 ({Better is} 11. exd5 $1 $14 Nxd5 12. Bg3) 11... f6 12. Bh5+ Kd7 (12... Ng6 $11 13. exd5 Qxd5) 13. exd5 $16 Nxd5 14. c4 $36 {[%mdl 2048] White has strong initiative.} fxg5 $2 {[%mdl 8192]} (14... Nde7 $16) 15. cxd5 $18 Nd4 16. Nxd4 Bxd4 17. Rc1 {[#] Qg4+ is the strong threat.} g6 18. Bf3 (18. Bg4+ $142 Ke7 19. Bxc8 Rxc8 20. Qg4 Rxc1 21. Rxc1) 18... Rf8 19. Re1 (19. Nb3 $18 Bxb2 20. Bg4+ (20. Rc2 Ba3 $16) 20... Ke8 21. Rxc8 Rxc8 22. Qe2 (22. Bxc8 Qxc8 23. Qe2 Qc3 $16)) 19... Bxf2+ $2 {[%mdl 8192]} (19... Ke7 $16) 20. Kxf2 g4 21. Qa4+ {[%mdl 64] Double Attack} Ke7 22. Qb4+ Kf6 {[#]} (22... Kf7 $142 23. Be4 Kg8+ 24. Kg1 a5) 23. Rc7 $1 {[%mdl 512] White threatens Ne4+ and mate.} Bf5 (23... Qxc7 24. Qxf8+) 24. Qb6+ {White mates.} Kg5 25. Rxe5 gxf3 26. Nxf3+ Kh6 27. Ree7 {[%csl Gc7][%cal Re7h7]} Kh5 28. Rxh7+ Kg4 29. h3+ {Accuracy: White = 40%, Black = 25%.} 1-0

[Event "Nordic Chess-ch 2019"]
[Site "Sarpsborg"]
[Date "2019.06.21"]
[Round "1.35"]
[White "Stubrud, Jan Magne"]
[Black "Store, Trond"]
[Result "1/2-1/2"]
[WhiteElo "1681"]
[BlackElo "2100"]
[Annotator "TA"]
[PlyCount "107"]
[EventDate "2019.06.21"]
[EventType "swiss"]
[EventCountry "NOR"]
[SourceTitle "playchess.com"]
[Source "ChessBase"]
[SourceQuality "1"]

{[%evp 15,107,-34,0,-22,0,0,0,0,7,17,19,4,-12,-35,-41,-35,-43,-44,-41,-32,0,0,0,-13,2,5,6,6,26,13,17,3,11,-47,5,6,8,10,6,0,0,0,2,2,2,2,2,2,4,-50,-50,-50,-50,-56,0,0,0,0,14,4,0,0,0,0,22,0,0,0,6,6,10,8,43,8,8,0,0,0,0,0,0,0,8,8,8,0,8,8,13,12,23,8,8,8]} 1. d4 Nf6 2. Bf4 b6 3. e3 Bb7 4. Nf3 g6 5. Nbd2 Bg7 6. h3 O-O 7. Bd3 d6 8. c3 c5 9. Bc2 {A48: 1 d4 Nf6 2 Nf3 g6: Torre, London and Colle Systems} (9. Qe2 a6 10. O-O Nc6 11. Bh2 Re8 12. Rfd1 b5 13. dxc5 dxc5 14. c4 b4 15. Nb3 Qb6 16. a4 a5 {½-½ (50) Fontaine,R (2563)-Maze,S (2620) chess.com INT 2018}) 9... Nc6 10. O-O Rc8 11. Rc1 Ba6 $146 ({Predecessor:} 11... cxd4 12. exd4 b5 13. Bb3 Na5 14. Qe2 Nxb3 15. axb3 Nd5 16. Bh2 Qb6 {½-½ (69) Gorniak,J (1927)-Wunder,S (2141) Schney 2009}) 12. Re1 $1 Qd7 13. e4 cxd4 14. cxd4 Nb4 15. Bb1 Rxc1 16. Qxc1 Rc8 17. Qd1 Bd3 18. Qb3 Bxb1 19. Nxb1 Nh5 (19... Nc2 $5 {[%cal Rc2e1]} 20. Rc1 Nxd4 $1 {[%mdl 576] Decoy} 21. Nxd4 e5 {[%mdl 64] Double Attack} 22. Rxc8+ Qxc8 $15) 20. Bh2 Nc6 21. e5 {g4 is the strong threat.} dxe5 22. dxe5 {And now g4 would win.} Na5 23. Qe3 Bf8 24. Nbd2 (24. Nc3 $11) 24... Nc4 (24... Ng7 $15) 25. e6 $11 Qxe6 26. Qxe6 fxe6 27. Nxc4 Rxc4 28. Rxe6 Rc2 29. Bb8 $1 Rxb2 30. Bxa7 Rxa2 31. Bxb6 Ra6 32. Nd4 (32. g3 $11) 32... Nf4 $15 33. Rc6 e5 34. Bc7 $1 {[#]} Ra1+ (34... Nxh3+ $1 $15 {[%mdl 512]} 35. gxh3 Ra1+ 36. Kg2 exd4) 35. Kh2 $11 exd4 36. Bxf4 {[%mdl 4096] Endgame KRB-KRB} Bg7 37. Rd6 Ra7 38. Kg3 Kf7 {Hoping for ...g5!} 39. Kf3 Ke7 40. Ke4 Ra2 41. Bg3 Re2+ 42. Kd3 Re1 (42... Rb2 {is more complex.} 43. Rc6 Bf6 44. Rc2 Rb1 45. Bf4 Rf1) 43. Ra6 g5 44. Bd6+ Kf7 $1 45. Bg3 Bf6 46. Ra2 h5 47. Re2 Rg1 48. f4 g4 49. hxg4 hxg4 50. Rd2 Ra1 {White must now prevent ...Ra3+.} 51. Bf2 Rf1 52. Ke4 {Threatens to win with Kf5.} Kg6 53. g3 Rb1 54. Bxd4 {Accuracy: White = 52%, Black = 47%.} 1/2-1/2

[Event "Nordic Chess-ch 2019"]
[Site "Sarpsborg"]
[Date "2019.06.21"]
[Round "1.36"]
[White "Hauge, Tor Arne"]
[Black "Larsen, Bjorn H."]
[Result "1-0"]
[WhiteElo "2022"]
[BlackElo "2005"]
[Annotator "NA RC"]
[PlyCount "73"]
[EventDate "2019.06.21"]
[EventType "swiss"]
[EventCountry "NOR"]
[SourceTitle "playchess.com"]
[Source "ChessBase"]
[SourceQuality "1"]
[TimeControl "40/5400+30:1800+30"]

1. b3 {[%emt 0:00:00]} e5 {[%emt 0:00:00]} 2. Bb2 {[%emt 0:00:00]} Nc6 {[%emt 0:00:22]} 3. c4 {[%emt 0:01:11]} Bc5 {[%emt 0:02:11]} 4. Nc3 {[%emt 0:11:44]} a6 {[%emt 0:05:03]} 5. g3 {[%emt 0:02:51]} f5 {[%emt 0:06:00]} 6. Bg2 {[%emt 0:12:58]} d6 {[%emt 0:02:31]} 7. e3 {[%emt 0:04:32]} Nf6 {[%emt 0:03:35]} 8. Nge2 {[%emt 0:08:00]} O-O {[%emt 0:02:48]} 9. O-O {[%emt 0:02:17]} Ba7 {[%emt 0:03:01]} 10. d4 {[%emt 0:10:44]} exd4 {[%emt 0:00:00]} 11. exd4 {[%emt 0:01:28]} Re8 {[%emt 0:06:06]} 12. d5 {[%emt 0:08:11]} Ne5 {[%emt 0:03:34]} 13. Nf4 {[%emt 0:01:03]} Qe7 {[%emt 0:04:47]} 14. Qd2 {[%emt 0:02:41]} Qf7 {[%emt 0:01:05]} 15. Rae1 {[%emt 0:07:42]} Bd7 {[%emt 0:01:21]} 16. h3 {[%emt 0:03:31]} Re7 {[%emt 0:06:10]} 17. Kh2 {[%emt 0:06:53]} Rae8 {[%emt 0:00:24]} 18. f3 {[%emt 0:00:49]} Nh5 {[%emt 0:09:31]} 19. Nce2 {[%emt 0:02:13]} Nxf4 {[%emt 0:04:07]} 20. Nxf4 {[%emt 0:00:18]} h6 {[%emt 0:09:59]} 21. Ne6 {[%emt 0:04:43]} Bxe6 {[%emt 0:02:00]} 22. dxe6 {[%emt 0:00:09]} Qf8 {[%emt 0:05:45]} 23. f4 {[%emt 0:00:45]} Nc6 {[%emt 0:00:49]} 24. g4 {[%emt 0:01:07]} Bb6 {[%emt 0:05:06]} 25. Bc3 {[%emt 0:01:32]} a5 {[%emt 0:02:50]} 26. gxf5 {[%emt 0:00:36]} Qxf5 {[%emt 0:00:49]} 27. Be4 {[%emt 0:00:38]} Qh5 {[%emt 0:03:14]} 28. Qg2 {[%emt 0:00:56]} Kh8 {[%emt 0:02:25]} 29. Bg6 {[%emt 0:00:18]} Qh4 {[%emt 0:04:59]} 30. Bxe8 {[%emt 0:00:15]} Nd4 {[%emt 0:00:53]} 31. Bf7 {[%emt 0:00:27]} Nf5 {[%emt 0:00:32]} 32. Qg4 {[%emt 0:01:54]} Qxg4 {[%emt 0:00:52]} 33. hxg4 {[%emt 0:00:04]} Ne3 {[%emt 0:00:21]} 34. Rxe3 {[%emt 0:01:05]} Bxe3 {[%emt 0:00:11]} 35. Kg3 {[%emt 0:00:12]} c6 {[%emt 0:01:31]} 36. Rh1 {[%emt 0:00:06]} Kh7 {[%emt 0:00:21]} 37. g5 {[%emt 0:00:09]} 1-0

[Event "Nordic Chess-ch 2019"]
[Site "Sarpsborg"]
[Date "2019.06.21"]
[Round "1.37"]
[White "Heikkila, Raine"]
[Black "Mirza, Raad"]
[Result "0-1"]
[WhiteElo "1663"]
[BlackElo "1991"]
[Annotator "NA RC"]
[PlyCount "96"]
[EventDate "2019.06.21"]
[EventType "swiss"]
[EventCountry "NOR"]
[SourceTitle "playchess.com"]
[Source "ChessBase"]
[SourceQuality "1"]
[TimeControl "40/5400+30:1800+30"]

1. d4 {[%emt 0:00:00]} Nf6 {[%emt 0:00:00]} 2. c4 {[%emt 0:00:00]} e5 {[%emt 0:00:02]} 3. dxe5 {[%emt 0:00:55]} Ng4 {[%emt 0:00:02]} 4. Qd4 {[%emt 0:00:47]} d6 {[%emt 0:00:03]} 5. Nf3 {[%emt 0:01:01]} Nc6 {[%emt 0:00:28]} 6. Qe4 {[%emt 0:02:50]} Ngxe5 {[%emt 0:02:12]} 7. Bf4 {[%emt 0:01:55]} Qf6 {[%emt 0:01:40]} 8. Nc3 {[%emt 0:01:26]} Bf5 {[%emt 0:01:20]} 9. Qe3 {[%emt 0:00:43]} O-O-O {[%emt 0:03:30]} 10. Nd5 {[%emt 0:04:53]} Nxf3+ {[%emt 0:03:58]} 11. gxf3 {[%emt 0:01:21]} Qxb2 {[%emt 0:00:16]} 12. Qc3 {[%emt 0:00:23]} Qxc3+ {[%emt 0:01:15]} 13. Nxc3 {[%emt 0:00:10]} Nb4 {[%emt 0:00:45]} 14. O-O-O {[%emt 0:00:11]} g6 {[%emt 0:01:28]} 15. e4 {[%emt 0:00:44]} Bg7 {[%emt 0:03:15]} 16. Bd2 {[%emt 0:00:13]} Bxc3 {[%emt 0:00:50]} 17. Bxc3 {[%emt 0:00:16]} Nxa2+ {[%emt 0:00:02]} 18. Kb2 {[%emt 0:00:13]} Nxc3 {[%emt 0:00:03]} 19. Kxc3 {[%emt 0:00:12]} Bd7 {[%emt 0:00:43]} 20. Ra1 {[%emt 0:01:10]} Kb8 {[%emt 0:00:17]} 21. Bd3 {[%emt 0:00:17]} Rhf8 {[%emt 0:03:59]} 22. Rhb1 {[%emt 0:00:36]} f5 {[%emt 0:02:43]} 23. Rb2 {[%emt 0:03:08]} b6 {[%emt 0:03:36]} 24. Rba2 {[%emt 0:01:21]} a5 {[%emt 0:00:05]} 25. Rb2 {[%emt 0:00:14]} Ka7 {[%emt 0:01:59]} 26. Kd4 {[%emt 0:02:53]} Bc8 {[%emt 0:02:16]} 27. Rba2 {[%emt 0:01:28]} Rde8 {[%emt 0:00:26]} 28. Kc3 {[%emt 0:02:04]} Re5 {[%emt 0:00:26]} 29. Kd4 {[%emt 0:02:10]} Rc5 {[%emt 0:00:28]} 30. Ke3 {[%emt 0:02:55]} Be6 {[%emt 0:03:01]} 31. Ra4 {[%emt 0:01:34]} Bd7 {[%emt 0:05:47]} 32. R4a2 {[%emt 0:01:34]} fxe4 {[%emt 0:02:16]} 33. fxe4 {[%emt 0:04:03]} Be6 {[%emt 0:02:41]} 34. Ra4 {[%emt 0:00:43]} Rh5 {[%emt 0:00:13]} 35. Be2 {[%emt 0:07:55]} Rh3+ {[%emt 0:00:19]} 36. f3 {[%emt 0:00:45]} Rxh2 {[%emt 0:00:48]} 37. Rf1 {[%emt 0:00:44]} Kb7 {[%emt 0:01:27]} 38. Rb1 {[%emt 0:00:22]} Kc8 {[%emt 0:00:18]} 39. Rd1 {[%emt 0:02:55]} g5 {[%emt 0:02:14]} 40. Rd2 {[%emt 0:03:00]} Rh3 {[%emt 0:01:42]} 41. e5 {[%emt 0:32:10]} Bd7 {[%emt 0:32:22]} 42. Ra1 {[%emt 0:00:41]} Re8 {[%emt 0:00:06]} 43. Rg1 {[%emt 0:01:26]} Rxe5+ {[%emt 0:00:26]} 44. Kf2 {[%emt 0:00:56]} Rh2+ {[%emt 0:02:09]} 45. Kf1 {[%emt 0:00:37]} h6 {[%emt 0:01:20]} 46. Rg3 {[%emt 0:00:56]} Be6 {[%emt 0:00:41]} 47. f4 {[%emt 0:01:31]} Rexe2 {[%emt 0:01:19]} 48. Rxe2 {[%emt 0:00:29]} Bxc4 {[%emt 0:00:03]} 0-1

[Event "Nordic Chess-ch 2019"]
[Site "Sarpsborg"]
[Date "2019.06.21"]
[Round "1.38"]
[White "Skogheim, Ole Morten"]
[Black "Bergquist, Rune"]
[Result "1-0"]
[WhiteElo "1950"]
[BlackElo "1609"]
[Annotator "NA RC"]
[PlyCount "67"]
[EventDate "2019.06.21"]
[EventType "swiss"]
[EventCountry "NOR"]
[SourceTitle "playchess.com"]
[Source "ChessBase"]
[SourceQuality "1"]
[TimeControl "40/5400+30:1800+30"]

1. e4 {[%emt 0:00:00]} c6 {[%emt 0:00:00]} 2. d4 {[%emt 0:00:00]} d5 {[%emt 0:00:00]} 3. e5 {[%emt 0:00:00]} c5 {[%emt 0:00:15]} 4. dxc5 {[%emt 0:00:00]} Nc6 {[%emt 0:00:13]} 5. Nf3 {[%emt 0:00:21]} e6 {[%emt 0:00:43]} 6. a3 {[%emt 0:01:32]} a5 {[%emt 0:03:38]} 7. Be3 {[%emt 0:04:34]} Nge7 {[%emt 0:00:38]} 8. Nc3 {[%emt 0:04:51]} Nf5 {[%emt 0:01:23]} 9. Bg5 {[%emt 0:05:30]} Be7 {[%emt 0:03:58]} 10. Bxe7 {[%emt 0:00:12]} Qxe7 {[%emt 0:00:48]} 11. Bd3 {[%emt 0:09:49]} Qxc5 {[%emt 0:01:54]} 12. Bxf5 {[%emt 0:00:35]} exf5 {[%emt 0:00:26]} 13. Qxd5 {[%emt 0:01:49]} Qe7 {[%emt 0:03:12]} 14. O-O-O {[%emt 0:02:45]} Be6 {[%emt 0:01:22]} 15. Qd6 {[%emt 0:00:09]} O-O {[%emt 0:02:06]} 16. Qxe7 {[%emt 0:00:06]} Nxe7 {[%emt 0:02:16]} 17. Nd4 {[%emt 0:01:47]} Ng6 {[%emt 0:01:49]} 18. Nxe6 {[%emt 0:02:59]} fxe6 {[%emt 0:00:22]} 19. Rhe1 {[%emt 0:01:38]} Rad8 {[%emt 0:05:54]} 20. Rd6 {[%emt 0:01:20]} Kf7 {[%emt 0:09:34]} 21. Rb6 {[%emt 0:06:11]} Rd7 {[%emt 0:01:16]} 22. Nb5 {[%emt 0:01:15]} Rfd8 {[%emt 0:02:55]} 23. Nd6+ {[%emt 0:05:35]} Ke7 {[%emt 0:00:26]} 24. Rxb7 {[%emt 0:02:50]} Nxe5 {[%emt 0:02:59]} 25. Rxd7+ {[%emt 0:00:29]} Rxd7 {[%emt 0:01:25]} 26. Rxe5 {[%emt 0:00:53]} Rxd6 {[%emt 0:00:39]} 27. Rxa5 {[%emt 0:00:06]} Kf6 {[%emt 0:00:47]} 28. Rc5 {[%emt 0:01:37]} e5 {[%emt 0:01:21]} 29. b4 {[%emt 0:00:36]} e4 {[%emt 0:00:24]} 30. b5 {[%emt 0:00:38]} f4 {[%emt 0:00:32]} 31. Rc6 {[%emt 0:01:25]} Rxc6 {[%emt 0:03:18]} 32. bxc6 {[%emt 0:00:07]} Ke6 {[%emt 0:00:36]} 33. Kd2 {[%emt 0:00:20]} g5 {[%emt 0:01:00]} 34. Kc3 {[%emt 0:00:31]} 1-0